Artículos / Joan Maragall
Descripción Física:
5 v. ; 20 cm
Materias:
Maragall, Joan -- Reculls d'escrits
MARC
| LEADER | 00000nam a2200000Ia 4500 | ||
|---|---|---|---|
| 001 | 16127, 16128, 16129, 16130, 16131 | ||
| 008 | 160829s1912 - 1913 xx 000 0 cat d | ||
| 080 | |a L-2-46, L-2-47, L-2-48, L-2-49, L-2-50 | ||
| 100 | |a Maragall, Joan, |d 1860-1911 |9 25778 | ||
| 245 | |a Artículos / Joan Maragall | ||
| 260 | |a Barcelona : |b Gustavo Gili, |c 1912 - 1913 | ||
| 300 | |a 5 v. ; |c 20 cm | ||
| 490 | |a Obras completas de Juan Maragall. Serie castellana | ||
| 590 | |a Conté: v. 1: 1892 a 1895; v. 2: 1895 a 1899; v. 3: 1899 a 1902; v. 4: 1902 a 1906; v. 5: 1906 a 1911. | ||
| 590 | |a El primer volum conté un pròleg de Miquel S. Oliver. | ||
| 590 | |a Índex | ||
| 650 | |a Maragall, Joan |x Reculls d'escrits |9 37250 | ||
| 901 | |a Arxiu | ||
| 942 | |n 1 | ||
| 952 | |0 0 |1 0 |4 0 |6 L246_L247_L248_L249_L250 |7 1 |9 47848 |a Arxiu |b Arxiu |d 2016-12-01 |l 0 |o L-2-46, L-2-47, L-2-48, L-2-49, L-2-50 |p 16127, 16128, 16129, |r 2016-12-01 00:00:00 |w 2016-12-01 |y ARXIU | ||
| 999 | |c 51647 |d 51647 | ||